000 00524nam a2200193Ia 4500
005 20250326123457.0
008 250326s9999 xx 000 0 und d
037 _aTextbook
040 _aFMSL
_beng
_cFMSL
041 _aeng
_2eng
084 _aX9B:75 P6
_qFMSL
100 _aJohnson G
_9104715
245 0 _aExploring corporate strategy
_cJohnson G; Scholes K
250 _a6
260 _aLondon
_bLondon, Prentice-Hall
_c2002
300 _a1120p
942 _cTB
_hX9B:75 P6
999 _c1269525
_d1269525